Statistiques concernant Focus sur: Percy Weasley - Harry Potter

Cliquez ici pour prendre le quiz!

Statistiques générales

  • Ce quiz a été pris 307 fois
  • Le résultat moyen est 18 sur 20

Statistiques - réponses

Informations recherchéesRéponses% Correct
Ecole fréquentéePoudlard
100%
Lieu de rencontre avec Harry PotterQuai 9 3/4
100%
Statut du sangSang-Pur
98%
PèreArthur Weasley
97%
FrèreBill Weasley
97%
FrèreCharlie Weasley
97%
FrèreFred Weasley
97%
FrèreGeorge Weasley
97%
SœurGinny Weasley
97%
Maison fréquentéeGryffondor
97%
MèreMolly Weasley
97%
FilleMolly Weasley II
97%
FrèreRon Weasley
97%
Couleur des cheveuxRoux
97%
Première apparitionHarry Potter à l'école des sorciers
95%
ProfessionEmployé au ministère de la Magie
92%
Profession du pèreEmployé au ministère de la Magie
91%
EpouseAudrey Weasley
49%
FilleLucy Weasley
49%
Acteur l'interprétant dans les filmsChris Rankin
27%

Distribution des résultats

Percentile par nombre de réponses

% des personnes avec chaque résultat

Votre développement - résultats

Vous n’avez pas pris ce quiz